000 00800nas a2200277 4500
001 BR7900513
003 BR-BrBNA
005 20231205083621.0
007 ta
008 230509b bl.|||p| |||| 00| 00por d
040 _aBR-BrBNA
_bpor
_cBiblioteca Nacional de Agricultura
041 _a(Pt)
072 _aF22
100 1 _aYamamoto, K.
100 1 _aCorsini, P.C.
100 1 _aPolitano, W.
100 1 _aLibera, C.L.F.D.
245 1 _aDeterminacao dos valores de condutividade hidraulico do solo sob condicoes de campo
650 _aFISICA DO SOLO
650 _aBALANCO HIDRICO
650 _aSOLO
650 _aAGUA DO SOLO
773 0 _tCientifica (Brazil)
_xISSN 0100-0039
_g(1978), v. 6(1) p. 61-65
_wBR7900513
909 _a202311
_bLúcia
_c55
_dLúcia Elande
942 _2AGRIS
_n0
_cANA
999 _c100081
_d100081